Japanese securities markets : A historical survey
Zapisane w:
| 1. autor: | |
|---|---|
| Format: | Książka |
| Język: | Undetermined |
| Wydane: |
Tokyo
Seihei Okuyama
1953
|
| Hasła przedmiotowe: | |
| Etykiety: |
Dodaj etykietę
Nie ma etykietki, Dołącz pierwszą etykiete!
|
| Thư viện lưu trữ: | Trung tâm Học liệu Trường Đại học Cần Thơ |
|---|
| LEADER | 00611nam a2200205Ia 4500 | ||
|---|---|---|---|
| 001 | CTU_78944 | ||
| 008 | 210402s9999 xx 000 0 und d | ||
| 082 | |a 332.6 | ||
| 082 | |b A211 | ||
| 100 | |a Adams, T. F. M. | ||
| 245 | 0 | |a Japanese securities markets : | |
| 245 | 2 | |b A historical survey | |
| 245 | 0 | |c T. F. M. (Thomas Francis Morton) Adams ; With foreword by Hisato Ichimada | |
| 260 | |a Tokyo | ||
| 260 | |b Seihei Okuyama | ||
| 260 | |c 1953 | ||
| 650 | |a Investments,Securities,Stock exchanges | ||
| 650 | |z Japan,Japan | ||
| 904 | |i M.Loan | ||
| 980 | |a Trung tâm Học liệu Trường Đại học Cần Thơ | ||